Catálogo

El milagro está en ti / (Registro nro. 41625)

Detalles MARC
000 -LEADER
fixed length control field 01102cam a2200325 i 4500
001 - CONTROL NUMBER
control field 41625
003 - CONTROL NUMBER IDENTIFIER
control field Mx-PuUPA
005 - DATE AND TIME OF LATEST TRANSACTION
control field 20250625093000.0
008 - FIXED-LENGTH DATA ELEMENTS--GENERAL INFORMATION
fixed length control field 140415s1999 mx a gr 000 0 spa d
020 ## - INTERNATIONAL STANDARD BOOK NUMBER
International Standard Book Number 9706610456
020 ## - INTERNATIONAL STANDARD BOOK NUMBER
International Standard Book Number 9789706610461
040 ## - CATALOGING SOURCE
Original cataloging agency Mx-PuUPA
Language of cataloging spa
Transcribing agency Mx-PuUPA
Modifying agency Mx-PuUPA
Description conventions rda
041 0# - LANGUAGE CODE
Language code of text/sound track or separate title spa
043 ## - GEOGRAPHIC AREA CODE
Geographic area code n-mx---
100 1# - MAIN ENTRY--PERSONAL NAME
Personal name Valle Talavera, Manuel del,
9 (RLIN) 15343
Relator term autor
245 10 - TITLE STATEMENT
Title El milagro está en ti /
Statement of responsibility, etc. Manuel del Valle Talavera
246 14 - VARYING FORM OF TITLE
Title proper/short title Episodios guadalupanos : el milagro está en ti reconocerás tu nombre en esta obra.
250 ## - EDITION STATEMENT
Edition statement Segunda edición /
Remainder of edition statement julio
264 #1 - PRODUCTION, PUBLICATION, DISTRIBUTION, MANUFACTURE, AND COPYRIGHT NOTICE
Place of production, publication, distribution, manufacture México, D.F. :
Name of producer, publisher, distributor, manufacturer EDAMEX,
Date of production, publication, distribution, manufacture, or copyright notice ©1999
300 ## - PHYSICAL DESCRIPTION
Extent 194 páginas :
Other physical details ilustraciones (en color) ;
Dimensions 21 cm
336 ## - CONTENT TYPE
Fuente rdacontent
Content type term texto
Content type code txt
337 ## - MEDIA TYPE
Source rdamedia
Media type term sin medio
Media type code n
338 ## - CARRIER TYPE
Source rdacarrier
Carrier type term volumen
Carrier type code nc
600 ## - SUBJECT ADDED ENTRY--PERSONAL NAME
Personal name Virgen de Guadalupe
General subdivision Apariciones y milagros
-- Historia
650 #7 - SUBJECT ADDED ENTRY--TOPICAL TERM
Source of heading or term armarc
Topical term or geographic name entry element Religión y Estado
Geographic subdivision México
942 ## - ADDED ENTRY ELEMENTS (KOHA)
Source of classification or shelving scheme Dewey Decimal Classification
Koha item type Libro
Classification part 232.9170972
Item part V35
Existencias
Withdrawn status Lost status Source of classification or shelving scheme Damaged status Not for loan Collection code Home library Current library Shelving location Date acquired Source of acquisition Total Checkouts Full call number Barcode Date last seen Price effective from Koha item type
    Dewey Decimal Classification     General Centro de Estudios Guadalupanos Centro de Estudios Guadalupanos Sala general 03/12/2013 Compra   232.9170972 V35 1999 62763 05/01/2026 03/12/2013 Libro